<?xml version="1.0" encoding="UTF-8"?>
<collection xmlns="http://www.loc.gov/MARC21/slim">
 <record>
  <leader>01602naa a2200349   4500</leader>
  <controlfield tag="001">1837410429</controlfield>
  <controlfield tag="003">DE-627</controlfield>
  <controlfield tag="005">20230224122128.0</controlfield>
  <controlfield tag="007">cr uuu---uuuuu</controlfield>
  <controlfield tag="008">230224s2022    xx |||||oo    00| ||ger c</controlfield>
  <datafield tag="035" ind1=" " ind2=" ">
   <subfield code="a">(DE-627)1837410429</subfield>
  </datafield>
  <datafield tag="035" ind1=" " ind2=" ">
   <subfield code="a">(DE-599)KXP1837410429</subfield>
  </datafield>
  <datafield tag="040" ind1=" " ind2=" ">
   <subfield code="a">DE-627</subfield>
   <subfield code="b">ger</subfield>
   <subfield code="c">DE-627</subfield>
   <subfield code="e">rda</subfield>
  </datafield>
  <datafield tag="041" ind1=" " ind2=" ">
   <subfield code="a">ger</subfield>
  </datafield>
  <datafield tag="084" ind1=" " ind2=" ">
   <subfield code="a">KUNST</subfield>
   <subfield code="q">DE-16</subfield>
   <subfield code="2">fid</subfield>
  </datafield>
  <datafield tag="100" ind1="1" ind2=" ">
   <subfield code="a">Cortjaens, Wolfgang</subfield>
   <subfield code="d">1966-</subfield>
   <subfield code="e">VerfasserIn</subfield>
   <subfield code="0">(DE-588)124130690</subfield>
   <subfield code="0">(DE-627)085657328</subfield>
   <subfield code="0">(DE-576)185247202</subfield>
   <subfield code="4">aut</subfield>
  </datafield>
  <datafield tag="245" ind1="1" ind2="0">
   <subfield code="a">[Rezension von: Niels Fleck (Hrsg.), Schön wie ein Schadow. Friedrich Müllers Fortunata-Porträt im Kontext]</subfield>
   <subfield code="c">rezensiert von Wolfgang Cortjaens</subfield>
  </datafield>
  <datafield tag="264" ind1=" " ind2="1">
   <subfield code="c">01.05.2022</subfield>
  </datafield>
  <datafield tag="300" ind1=" " ind2=" ">
   <subfield code="b">Illustrationen</subfield>
  </datafield>
  <datafield tag="336" ind1=" " ind2=" ">
   <subfield code="a">Text</subfield>
   <subfield code="b">txt</subfield>
   <subfield code="2">rdacontent</subfield>
  </datafield>
  <datafield tag="337" ind1=" " ind2=" ">
   <subfield code="a">Computermedien</subfield>
   <subfield code="b">c</subfield>
   <subfield code="2">rdamedia</subfield>
  </datafield>
  <datafield tag="338" ind1=" " ind2=" ">
   <subfield code="a">Online-Ressource</subfield>
   <subfield code="b">cr</subfield>
   <subfield code="2">rdacarrier</subfield>
  </datafield>
  <datafield tag="655" ind1=" " ind2="7">
   <subfield code="a">Rezension</subfield>
   <subfield code="0">(DE-588)4049712-4</subfield>
   <subfield code="0">(DE-627)106186019</subfield>
   <subfield code="0">(DE-576)209083166</subfield>
   <subfield code="2">gnd-content</subfield>
  </datafield>
  <datafield tag="773" ind1="0" ind2="8">
   <subfield code="i">Enthalten in</subfield>
   <subfield code="t">ArtHist.net</subfield>
   <subfield code="d">[Berlin] : arthist e.V., 2001</subfield>
   <subfield code="g">(2022) vom: 1. Mai</subfield>
   <subfield code="h">Online-Ressource</subfield>
   <subfield code="w">(DE-627)777783886</subfield>
   <subfield code="w">(DE-600)2755110-6</subfield>
   <subfield code="w">(DE-576)40053021X</subfield>
   <subfield code="x">2750-5685</subfield>
   <subfield code="7">nnns</subfield>
  </datafield>
  <datafield tag="773" ind1="1" ind2="8">
   <subfield code="g">year:2022</subfield>
   <subfield code="g">day:1</subfield>
   <subfield code="g">month:05</subfield>
  </datafield>
  <datafield tag="787" ind1="0" ind2="8">
   <subfield code="i">Rezension von</subfield>
   <subfield code="a">Müller, Friedrich, 1796 - 1834</subfield>
   <subfield code="t">Schön wie ein Schadow</subfield>
   <subfield code="d">Petersberg : Michael Imhof Verlag, 2021</subfield>
   <subfield code="h">143 Seiten</subfield>
   <subfield code="w">(DE-627)1741723329</subfield>
   <subfield code="z">9783731911043</subfield>
  </datafield>
  <datafield tag="856" ind1="4" ind2="0">
   <subfield code="u">https://arthist.net/reviews/34102</subfield>
   <subfield code="x">Verlag</subfield>
   <subfield code="z">kostenfrei</subfield>
   <subfield code="3">Volltext</subfield>
  </datafield>
  <datafield tag="936" ind1="u" ind2="w">
   <subfield code="j">2022</subfield>
   <subfield code="b">1</subfield>
   <subfield code="c">5</subfield>
  </datafield>
  <datafield tag="951" ind1=" " ind2=" ">
   <subfield code="a">AR</subfield>
  </datafield>
  <datafield tag="994" ind1=" " ind2=" ">
   <subfield code="u">https://arthist.net/reviews/34102</subfield>
  </datafield>
  <datafield tag="991" ind1=" " ind2=" ">
   <subfield code="a">Rezension (Monographie, Zeitschrift, Aufsatz)</subfield>
  </datafield>
  <datafield tag="999" ind1=" " ind2=" ">
   <subfield code="a">KXP-PPN1837410429</subfield>
   <subfield code="e">4282313463</subfield>
  </datafield>
 </record>
</collection>
